000 00306nam a2200133 a 4500
008 141104s2001|||| d
100 1 _aSedlák, Mikuláš
245 1 0 _aMANAŽMENT
260 _bIURA EDITION s.r.o.
_aBratislava
_c2001
020 _c0
041 _aslo
044 _axo
_cSK
958 _aAPR
999 _c20509
_d20509